03357nam a22003614a 4500001001200000003000800012006001900020007001500039008004100054010001700095020002200112040002100134035002000155050002200175082002000197245038400217246002400601260005400625300002200679504005100701505170000752533015202452650004102604650002002645650004302665655002902708700002402737700002202761700005202783710001702835856012602852999001702978ebr10032452CaPaEBRm u cr cn|||||||||010926s2002 dcua sb 001 0 eng  z 2001005893 z0309076234 (pbk.) aCaPaEBRcCaPaEBR a(OCoLC)5278706414aHV29b.S78 2002eb04a362.5/8/07222100aStudies of welfare populationsh[electronic resource] :bdata collection and research issues /cPanel on Data and Methods for Measuring the Effects of Changes in Social Welfare Programs ; Michele Ver Ploeg, Robert A. Moffitt, and Constance F. Citro, editors ; Committee on National Statistics, Division of Behavioral and Social Sciences and Education, National Research Council.30aWelfare populations aWashington, DC :bNational Academy Press,cc2002. ax, 526 p. :bill. aIncludes bibliographical references and index.0 tSurvey data. Designing surveys acknowledging nonresponse/rRobert M. Groves and Mick P. Couper--tMethods for obtaining high response rates in telephone surveys/rDavid Cantor and Patricia Cunningham--tHigh response rates for low-income population in-person surveys/rCharlene Weiss and Barbara A. Bailar--tPaying respondents for survey participation/rEleanor Singer and Richard A. Kulka--tAdjusting for missing data in low-income surveys/rLeyla Mohadjer and G. Hussain Choudhry--tMeasurement error in surveys of the low-income population/rNancy A. Mathiowetz, Charlie Brown, and John Bound--tAdministrative data. Matching and cleaning administrative data/rRobert M. Goerge and Bong Joo Lee--tAccess and confidentiality issues with administrative data/rHenry E. Brady, Susan A. Grand, M. Anne Powell, and Werner Schink--tMeasuring employment and income for low-income populations with administrative and survey data/rV. Joseph Hotz and John Karl Scholz--tAdministrative data on the well-being of children on and off welfare/rRichard Barth, Eleanor Locklin-Brown, Stephanie Cuccaro-Alamin, and Barbara Needell--tQualitative data. The right (soft) stuff : qualitative methods and the study of welfare reform/rKatherine S. Newman--tWelfare leavers and welfare dynamics. Studies of welfare leavers : data, methods, and contributions to the policy process/rGregory Acs and Pamela Loprest. Preexit benefit receipt and employment histories and postexit outcomes of welfare leavers / Michele Ver Ploeg. Experienced-based measures of heterogeneity in the welfare caseload / Robert A. Moffitt. Appendix : agenda of the Workshop on Data Collection for Low-Income and Welfare Populations. aElectronic reproduction.bPalo Alto, Calif. :cebrary,d2013.nAvailable via World Wide Web.nAccess may be limited to ebrary affiliated libraries. 0aPublic welfarexStatistical methods. 0aSocial surveys. 0aPublic welfarexResearchxMethodology. 7aElectronic books.2local1 aVer Ploeg, Michele.1 aMoffit, Robert A.1 aCitro, Constance F.q(Constance Forbes),d1942-2 aebrary, Inc.40uhttp://site.ebrary.com/lib/rucke/Doc?id=10032452zAn electronic book accessible through the World Wide Web; click to view c63086d63086